[Event "CAN-op"]
[Site "Kitchener CAN"]
[Date "2006.07.16"]
[Round "2"]
[White "Panjwani, Raja"]
[Black "Arencibia, Walter"]
[Result "0-1"]
[WhiteElo "2222"]
[BlackElo "2539"]
[PlyCount "82"]
[EventDate "2006.07.15"]
[EventType "swiss"]
[EventRounds "9"]
[EventCountry "CAN"]

1. e4 c5 2. Nf3 e6 3. Nc3 a6 4. d4 cxd4 5. Nxd4 Qc7 6. Bd3 Nf6 7. O-O Bc5 8.
Nb3 Be7 9. a4 Nc6 10. f4 d6 11. a5 b5 12. axb6 Qxb6+ 13. Kh1 O-O 14. Qe2 Nb4
15. Be3 Qb8 16. Na5 Bd7 17. Nc4 Nxd3 18. Qxd3 Bb5 19. Nxb5 axb5 20. Nb6 Rxa1
21. Rxa1 Qb7 22. Qxb5 Qxe4 23. Qd3 Qxd3 24. cxd3 Rb8 25. b4 Bd8 26. Ra6 Kf8 27.
g3 Bxb6 28. Bxb6 Nd5 29. Bd4 Rxb4 30. Ra8+ Ke7 31. Ra7+ Ke8 32. Bxg7 Rb3 33.
Ra8+ Kd7 34. d4 f5 35. Rh8 Ne3 36. h4 Kc6 37. Kg1 Kd5 38. Rd8 Ke4 39. d5 Kf3
40. Ra8 Rb1+ 41. Kh2 Ng4+ 0-1

[Event "CAN-op"]
[Site "Kitchener CAN"]
[Date "2006.07.17"]
[Round "3"]
[White "Angers, Gilles"]
[Black "Panjwani, Raja"]
[Result "1/2-1/2"]
[WhiteElo "1997"]
[BlackElo "2222"]
[PlyCount "62"]
[EventDate "2006.07.15"]
[EventType "swiss"]
[EventRounds "9"]
[EventCountry "CAN"]

1. e4 c5 2. Nc3 Nc6 3. g3 g6 4. Bg2 Bg7 5. f4 d6 6. d3 b6 7. Nf3 Bb7 8. O-O Qd7
9. Be3 Nh6 10. h3 f5 11. Qd2 O-O 12. Rae1 Rae8 13. Ng5 Nd4 14. Nd1 e6 15. c3
Nc6 16. Bf2 fxe4 17. Bxe4 Nf7 18. Nxf7 Qxf7 19. Bg2 d5 20. Ne3 Qd7 21. Ng4 Rf7
22. d4 Ba6 23. dxc5 Bxf1 24. Bxf1 bxc5 25. Bxc5 e5 26. fxe5 Nxe5 27. Nxe5 Rxe5
28. Rxe5 Bxe5 29. Bg2 Kg7 30. Bd4 Qd6 31. Qe3 Re7 1/2-1/2

[Event "CAN-op"]
[Site "Kitchener CAN"]
[Date "2006.07.18"]
[Round "4"]
[White "Chuprys, Viktar"]
[Black "Panjwani, Raja"]
[Result "0-1"]
[WhiteElo "1853"]
[BlackElo "2222"]
[PlyCount "52"]
[EventDate "2006.07.15"]
[EventType "swiss"]
[EventRounds "9"]
[EventCountry "CAN"]

1. d4 Nf6 2. Nf3 g6 3. Bf4 Bg7 4. e3 O-O 5. Be2 d6 6. h3 Nbd7 7. c4 e6 8. Nc3
Qe7 9. O-O e5 10. dxe5 dxe5 11. Bh2 c6 12. a3 a5 13. Qc2 Ne8 14. Rfd1 f5 15.
Rd2 Nc5 16. Na4 f4 17. e4 Nxe4 18. Rdd1 Nc5 19. Nxc5 Qxc5 20. Bf1 Nc7 21. Rd2
Bf5 22. Qd1 Ne6 23. Kh1 Rad8 24. Bg1 e4 25. Nh4 Bxb2 26. Rb1 e3 0-1

[Event "CAN-op"]
[Site "Kitchener CAN"]
[Date "2006.07.19"]
[Round "5"]
[White "Panjwani, Raja"]
[Black "Ho, Conrad"]
[Result "1/2-1/2"]
[WhiteElo "2222"]
[BlackElo "2046"]
[PlyCount "85"]
[EventDate "2006.07.15"]
[EventType "swiss"]
[EventRounds "9"]
[EventCountry "CAN"]

1. e4 e6 2. d4 d5 3. Nc3 Bb4 4. e5 Ne7 5. a3 Bxc3+ 6. bxc3 b6 7. Qg4 Ng6 8. h4
h5 9. Qg3 Ba6 10. Ne2 Kf8 11. a4 Nc6 12. Nf4 Bxf1 13. Nxg6+ fxg6 14. Kxf1 Qe8
15. Qd3 Kg8 16. Bg5 Na5 17. Rh3 Kh7 18. g4 hxg4 19. Rg3 Qf7 20. Rxg4 Raf8 21.
f4 Qf5 22. Rg3 Nc4 23. Ke2 Nb2 24. Qxf5 Rxf5 25. Rb1 Nc4 26. Rbg1 Rf7 27. Rh3
Kg8 28. Rgh1 Rh5 29. Rg3 a6 30. Rhg1 Kh7 31. Ke1 Nb2 32. a5 b5 33. Ke2 Nc4 34.
Rb1 Na3 35. Rb3 Nc4 36. Kd1 Kg8 37. Kc1 Kh7 38. Rg2 Ne3 39. Re2 Nc4 40. Kb1 Kg8
41. Ka2 Rh8 42. Rh2 c6 43. Rg2 1/2-1/2

[Event "CAN-op"]
[Site "Kitchener CAN"]
[Date "2006.07.21"]
[Round "7"]
[White "Kraai, Jesse"]
[Black "Panjwani, Raja"]
[Result "1-0"]
[WhiteElo "2473"]
[BlackElo "2222"]
[PlyCount "105"]
[EventDate "2006.07.15"]
[EventType "swiss"]
[EventRounds "9"]
[EventCountry "CAN"]

1. Nf3 Nf6 2. c4 g6 3. Nc3 Bg7 4. e4 d6 5. d4 O-O 6. Be2 e5 7. dxe5 dxe5 8.
Qxd8 Rxd8 9. Bg5 Re8 10. O-O-O h6 11. Bh4 Na6 12. Ne1 c6 13. f3 Nh5 14. Bf2 Bf8
15. g3 Bc5 16. Bxc5 Nxc5 17. b4 Ne6 18. Nc2 Kf8 19. Rd6 Ke7 20. Rhd1 Nd4 21.
Nxd4 Kxd6 22. Ndb5+ Ke7 23. Nc7 Be6 24. c5 a5 25. b5 Rad8 26. Nxe8 Kxe8 27.
Rxd8+ Kxd8 28. bxc6 bxc6 29. Kb2 Nf6 30. Ka3 Nd7 31. Ka4 Nxc5+ 32. Kxa5 Kc7 33.
Kb4 Nb7 34. a3 Bh3 35. Na4 Bg2 36. Nc5 Nd6 37. a4 f5 38. Ne6+ Kb6 39. a5+ Ka7
40. exf5 gxf5 41. Nd8 e4 42. Nxc6+ Kb7 43. Nd4 exf3 44. Bxf3+ Bxf3 45. Nxf3 Kc6
46. Nd4+ Kd5 47. a6 Nc8 48. Nxf5 h5 49. Kb5 Ke5 50. Ne7 Nxe7 51. a7 Nd5 52. Kc6
Nb4+ 53. Kb7 1-0

[Event "CAN-op"]
[Site "Kitchener CAN"]
[Date "2006.07.22"]
[Round "8"]
[White "Panjwani, Raja"]
[Black "Semyonov, Vladimir"]
[Result "1/2-1/2"]
[WhiteElo "2222"]
[BlackElo "2089"]
[PlyCount "61"]
[EventDate "2006.07.15"]
[EventType "swiss"]
[EventRounds "9"]
[EventCountry "CAN"]

1. e4 c5 2. Nf3 e6 3. Nc3 a6 4. d4 cxd4 5. Nxd4 Qc7 6. Bd3 Nf6 7. O-O Nc6 8.
Nxc6 dxc6 9. f4 e5 10. Qf3 Bd6 11. f5 h5 12. g3 b5 13. a4 b4 14. Nd1 Bc5+ 15.
Kg2 Bb7 16. a5 Ke7 17. Bg5 Rad8 18. h3 Qd7 19. Ra4 Kf8 20. b3 Qc7 21. Nb2 Bd4
22. Nc4 c5 23. Re1 Bc6 24. Ra2 Qb7 25. Nb6 Rd6 26. g4 hxg4 27. hxg4 Bc3 28. Re2
Rd4 29. Bxf6 gxf6 30. Nc4 Ke7 31. Ne3 1/2-1/2

[Event "CAN-op"]
[Site "Kitchener CAN"]
[Date "2006.07.22"]
[Round "9"]
[White "Hall, John"]
[Black "Panjwani, Raja"]
[Result "1-0"]
[WhiteElo "2058"]
[BlackElo "2222"]
[PlyCount "67"]
[EventDate "2006.07.15"]
[EventType "swiss"]
[EventRounds "9"]
[EventCountry "CAN"]

1. d4 Nf6 2. c4 g6 3. Nc3 Bg7 4. e4 d6 5. f4 O-O 6. Nf3 c5 7. d5 e6 8. Be2 exd5
9. cxd5 Bg4 10. O-O Re8 11. h3 Bxf3 12. Bxf3 Nbd7 13. Re1 Qa5 14. Be3 b5 15. a3
b4 16. axb4 Qxb4 17. Ra4 Qxb2 18. Qd3 Ng4 19. Nd1 Nxe3 20. Nxb2 Nb6 21. Ra2
Nexd5 22. Qd2 c4 23. exd5 c3 24. Rxe8+ Rxe8 25. Qc1 Bd4+ 26. Kh2 cxb2 27. Rxb2
Be3 28. Qc7 Bxf4+ 29. g3 Be5 30. Ra2 Nc8 31. Rc2 Ne7 32. Qd7 Kf8 33. Rc7 h5 34.
Bd1 1-0

[Event "CYCC U16"]
[Site "Kitchener CAN"]
[Date "2006.07.10"]
[Round "1"]
[White "Panjwani, Raja"]
[Black "Gaciu, Vlad"]
[Result "1-0"]
[WhiteElo "2251"]
[BlackElo "1705"]
[PlyCount "57"]
[EventDate "2006.07.10"]
[EventType "swiss"]
[EventRounds "7"]
[EventCountry "CAN"]

1. e4 d6 2. d4 Nf6 3. Nc3 g6 4. Bg5 Bg7 5. Qd2 h6 6. Bh4 g5 7. Bg3 c6 8. O-O-O
b5 9. Bd3 b4 10. Nce2 a5 11. h4 g4 12. h5 Qb6 13. e5 Nd5 14. exd6 a4 15. Kb1 a3
16. b3 Bxd4 17. Bc4 Bc3 18. Qd3 Ba6 19. Nf4 e6 20. Nge2 Bxc4 21. Qxc4 Nd7 22.
Nxd5 cxd5 23. Qc7 Qxc7 24. dxc7 Be5 25. Rhe1 Bxg3 26. Nxg3 Nb6 27. Rd4 Rg8 28.
Rxb4 Ra6 29. Rxb6 1-0

[Event "CYCC U16"]
[Site "Kitchener CAN"]
[Date "2006.07.10"]
[Round "2"]
[White "Wang, Shane"]
[Black "Panjwani, Raja"]
[Result "0-1"]
[WhiteElo "1799"]
[BlackElo "2251"]
[PlyCount "72"]
[EventDate "2006.07.10"]
[EventType "swiss"]
[EventRounds "7"]
[EventCountry "CAN"]

1. e4 c5 2. Nf3 d6 3. d4 cxd4 4. Nxd4 Nf6 5. Nc3 a6 6. g3 e5 7. Nde2 Be7 8. Bg2
O-O 9. h3 b5 10. O-O Bb7 11. a3 Nbd7 12. Be3 Rc8 13. Qd3 Nc5 14. Bxc5 Rxc5 15.
Rfd1 Qa8 16. Nd5 Nxd5 17. exd5 f5 18. g4 g6 19. gxf5 gxf5 20. Kh2 Kh8 21. c3 e4
22. Qe3 Bf6 23. Nf4 Be5 24. Kh1 Bxd5 25. Rg1 Rg8 26. Rad1 Bb3 27. Rd2 Rc7 28.
Nd3 Rcg7 29. Nf4 Qa7 30. Nd5 Qf7 31. Nf4 d5 32. Re2 Bb8 33. Ree1 Qc7 34. f3
Qxf4 35. Qxf4 Bxf4 36. fxe4 dxe4 0-1

[Event "CYCC U16"]
[Site "Kitchener CAN"]
[Date "2006.07.11"]
[Round "3"]
[White "Panjwani, Raja"]
[Black "Yan, John"]
[Result "1-0"]
[WhiteElo "2251"]
[BlackElo "1900"]
[PlyCount "95"]
[EventDate "2006.07.10"]
[EventType "swiss"]
[EventRounds "7"]
[EventCountry "CAN"]

1. e4 c5 2. Nf3 d6 3. d4 cxd4 4. Nxd4 Nf6 5. Nc3 a6 6. Bc4 e6 7. Bb3 Be7 8. f4
b5 9. f5 exf5 10. Nxf5 O-O 11. O-O Be6 12. Bg5 Nc6 13. Nxe7+ Qxe7 14. Kh1 h6
15. Bxf6 gxf6 16. Qh5 Ne5 17. Qxh6 Ng4 18. Qh4 Kg7 19. Nd5 Qd8 20. Nxf6 Rh8 21.
Nh5+ Kh6 22. Qxd8 Raxd8 23. Nf6 Ne5 24. Nd5 Kg5 25. a4 Rh4 26. g3 Rxe4 27. h4+
Kh6 28. axb5 axb5 29. Nc3 Re3 30. Bxe6 fxe6 31. Rf6+ Kh5 32. Ra7 Rg8 33. Nd1
Re1+ 34. Kg2 Rxg3+ 35. Kxg3 Rg1+ 36. Kh3 Rh1+ 37. Kg2 Rxd1 38. Rh7+ Kg4 39.
Rg7+ Kh5 40. Rxe6 b4 41. Rf6 b3 42. cxb3 Rb1 43. b4 Rxb2+ 44. Kh3 Rb3+ 45. Rg3
Rxg3+ 46. Kxg3 Nd3 47. b5 Nc5 48. Rf5+ 1-0

[Event "CYCC U16"]
[Site "Kitchener CAN"]
[Date "2006.07.11"]
[Round "4"]
[White "Ye, Ling Feng"]
[Black "Panjwani, Raja"]
[Result "1/2-1/2"]
[WhiteElo "1938"]
[BlackElo "2251"]
[PlyCount "32"]
[EventDate "2006.07.10"]
[EventType "swiss"]
[EventRounds "7"]
[EventCountry "CAN"]

1. e4 c5 2. Nf3 d6 3. d4 cxd4 4. Nxd4 Nf6 5. Nc3 a6 6. Be3 e5 7. Nb3 Be6 8. f4
Ng4 9. Bd2 Qb6 10. Qf3 exf4 11. Qxf4 Nd7 12. Be2 Nge5 13. Be3 Qc7 14. Nd4 Be7
15. Nf5 Bxf5 16. Qxf5 Nf6 1/2-1/2

[Event "CYCC U16"]
[Site "Kitchener CAN"]
[Date "2006.07.12"]
[Round "5"]
[White "Panjwani, Raja"]
[Black "McDonald, Justin"]
[Result "1-0"]
[WhiteElo "2251"]
[BlackElo "1948"]
[PlyCount "89"]
[EventDate "2006.07.10"]
[EventType "swiss"]
[EventRounds "7"]
[EventCountry "CAN"]

1. e4 e5 2. Nf3 Nc6 3. Nc3 Nf6 4. g3 Bc5 5. Bg2 d6 6. O-O Bg4 7. h3 Bh5 8. d3
Qd7 9. Bg5 O-O-O 10. Nd5 Qe6 11. c3 Ne7 12. b4 Bb6 13. a4 c6 14. Nxb6+ axb6 15.
a5 b5 16. g4 Bg6 17. Be3 d5 18. Bb6 dxe4 19. Ng5 Qd6 20. a6 Kd7 21. dxe4 Ke8
22. Bxd8 Qxd8 23. Qxd8+ Kxd8 24. a7 Kc7 25. a8=Q Rxa8 26. Rxa8 h6 27. Nf3 Nxe4
28. Nxe5 Nxc3 29. Nxg6 Nxg6 30. Rg8 Nf4 31. Rxg7 Nfe2+ 32. Kh2 Na2 33. Rxf7+
Kb6 34. h4 Nxb4 35. g5 hxg5 36. h5 Nf4 37. Rxf4 gxf4 38. h6 f3 39. Bxf3 Ka7 40.
h7 Na6 41. h8=Q b4 42. Qd4+ Ka8 43. Ra1 c5 44. Rxa6+ Kb8 45. Qd8# 1-0

[Event "CYCC U16"]
[Site "Kitchener CAN"]
[Date "2006.07.12"]
[Round "6"]
[White "Lu, Charles"]
[Black "Panjwani, Raja"]
[Result "0-1"]
[WhiteElo "1703"]
[BlackElo "2251"]
[PlyCount "96"]
[EventDate "2006.07.10"]
[EventType "swiss"]
[EventRounds "7"]
[EventCountry "CAN"]

1. e4 c5 2. Nc3 Nc6 3. f4 g6 4. Nf3 Bg7 5. Bb5 Nd4 6. O-O a6 7. Be2 d6 8. d3 e6
9. Kh1 Ne7 10. Nxd4 cxd4 11. Nb1 O-O 12. c3 Nc6 13. Bd2 Bd7 14. Na3 dxc3 15.
Bxc3 Nd4 16. Nc2 Qb6 17. Nxd4 Bxd4 18. Bxd4 Qxd4 19. Qb3 Rfc8 20. Bf3 Rc7 21.
Rac1 Rac8 22. Rxc7 Rxc7 23. g3 Ba4 24. Qa3 Rc2 25. Bd1 Rc1 26. Be2 Rxf1+ 27.
Bxf1 Qf2 28. Bh3 Bd1 29. d4 Bf3+ 30. Qxf3 Qxf3+ 31. Kg1 Qxe4 32. Bg2 Qxd4+ 33.
Kf1 Qxb2 34. h4 d5 35. Kg1 d4 36. f5 d3 37. fxg6 hxg6 38. h5 gxh5 39. g4 hxg4
40. Kh2 Qf2 41. a4 d2 42. a5 g3+ 43. Kh3 d1=Q 44. Bf3 f5 45. Kh4 Qd8+ 46. Kh5
Qxf3+ 47. Kg6 Qg4+ 48. Kh6 Qf8# 0-1

[Event "CYCC U16"]
[Site "Kitchener CAN"]
[Date "2006.07.13"]
[Round "7"]
[White "Kleinman, Robert"]
[Black "Panjwani, Raja"]
[Result "0-1"]
[WhiteElo "2251"]
[BlackElo "1691"]
[PlyCount "94"]
[EventDate "2006.07.10"]
[EventType "swiss"]
[EventRounds "7"]
[EventCountry "CAN"]

1. e4 c5 2. Nf3 d6 3. d4 cxd4 4. Nxd4 Nf6 5. Nc3 a6 6. f3 e5 7. Nb3 Be6 8. Be3
Nbd7 9. Qd2 Rc8 10. O-O-O b5 11. Be2 Nb6 12. Bxb6 Qxb6 13. Rhe1 Be7 14. Kb1 O-O
15. g4 Rc7 16. h4 Rfc8 17. Rh1 b4 18. Nd5 Bxd5 19. exd5 a5 20. Rdg1 a4 21. Na1
a3 22. bxa3 bxa3+ 23. Nb3 Rxc2 24. Qxc2 Rxc2 25. Kxc2 Nxd5 26. Rc1 Qe3 27. Bd3
Nb4+ 28. Kc3 Nxa2+ 29. Kc4 d5+ 30. Kb5 Qxd3+ 31. Ka5 Bd8+ 32. Ka4 Qa6+ 33. Na5
Qxa5+ 34. Kb3 Qb5+ 35. Kxa3 Nxc1 36. Rxc1 Be7+ 37. Ka2 Qa4+ 38. Kb1 Qb3+ 39.
Ka1 Bc5 40. Rxc5 Qa3+ 41. Kb1 Qxc5 42. f4 exf4 43. g5 Qc3 44. g6 hxg6 45. h5
gxh5 46. Ka2 f3 47. Kb1 Qd2 0-1

[Event "CYCC U16 playoff"]
[Site "Kitchener CAN"]
[Date "2006.07.13"]
[Round "1"]
[White "Panjwani, Raja"]
[Black "Ye, Ling Feng"]
[Result "1-0"]
[WhiteElo "2251"]
[BlackElo "1938"]
[PlyCount "51"]
[EventDate "2006.07.10"]
[EventType "match"]
[EventRounds "2"]
[EventCountry "CAN"]

1. e4 c5 2. Nf3 e6 3. d4 cxd4 4. Nxd4 Nf6 5. Nc3 d6 6. Be2 a6 7. f4 Be7 8. Be3
Nc6 9. Qd2 Qc7 10. O-O-O Nxd4 11. Qxd4 b5 12. g4 Bb7 13. g5 Nd7 14. Qxg7 Rf8
15. a3 Rc8 16. Bd3 Nc5 17. Kb1 Nxd3 18. cxd3 d5 19. exd5 b4 20. axb4 Bxb4 21.
Rc1 Qd7 22. Ne4 Qb5 23. Qd4 exd5 24. Rxc8+ Bxc8 25. Nf6+ Kd8 26. Qb6+ 1-0

[Event "CYCC U16 playoff"]
[Site "Kitchener CAN"]
[Date "2006.07.13"]
[Round "2"]
[White "Ye, Ling Feng"]
[Black "Panjwani, Raja"]
[Result "1/2-1/2"]
[WhiteElo "1938"]
[BlackElo "2251"]
[PlyCount "60"]
[EventDate "2006.07.10"]
[EventType "match"]
[EventRounds "2"]
[EventCountry "CAN"]

1. e4 c5 2. Nf3 d6 3. d4 cxd4 4. Nxd4 Nf6 5. Bd3 Nc6 6. Nb3 g6 7. O-O Bg7 8.
Nc3 O-O 9. Bg5 a6 10. a4 Be6 11. Qd2 Ne5 12. Be3 Rc8 13. a5 Nxd3 14. Qxd3 Bc4
15. Qd2 Bxf1 16. Rxf1 Ng4 17. Bb6 Qe8 18. Nd5 Ne5 19. Qg5 f6 20. Qg3 Nc4 21.
Nd4 Qd7 22. b3 Ne5 23. f4 Nc6 24. f5 Nxd4 25. Bxd4 e5 26. Nb6 Qc6 27. Nxc8 Rxc8
28. Bb6 Qxe4 29. fxg6 hxg6 30. Qh3 Rxc2 1/2-1/2

[Event "World op"]
[Site "Philadelphia USA"]
[Date "2006.06.30"]
[Round "3"]
[White "Antic, Dejan"]
[Black "Panjwani, Raja"]
[Result "0-1"]
[WhiteElo "2491"]
[BlackElo "2181"]
[PlyCount "68"]
[EventDate "2006.06.28"]
[EventType "swiss"]
[EventRounds "9"]
[EventCountry "USA"]
[Source "Mark Crowther"]
[SourceDate "2006.07.03"]

1. d4 Nf6 2. c4 g6 3. Nc3 Bg7 4. e4 d6 5. Nf3 O-O 6. Be2 e5 7. O-O exd4 8. Nxd4
Re8 9. f3 Nc6 10. Be3 Nh5 11. Qd2 Nxd4 12. Bxd4 Nf4 13. Rfd1 Bxd4+ 14. Qxd4
Nxe2+ 15. Nxe2 b6 16. Nc3 Bb7 17. Rf1 Qe7 18. Rad1 Qe5 19. Qxe5 Rxe5 20. Kf2
Rc5 21. b3 a6 22. a4 Bc6 23. Nd5 Bxd5 24. Rxd5 Rc6 25. Ke3 Rb8 26. Ra1 Re8 27.
Kd4 a5 28. f4 h5 29. Re1 f6 30. Re3 Kf7 31. Rh3 Rc5 32. Rxc5 dxc5+ 33. Kd5 Re6
34. e5 f5 0-1

[Event "World op"]
[Site "Philadelphia USA"]
[Date "2006.07.01"]
[Round "4"]
[White "Panjwani, Raja"]
[Black "Bartholomew, John"]
[Result "0-1"]
[WhiteElo "2181"]
[BlackElo "2406"]
[PlyCount "80"]
[EventDate "2006.06.28"]
[EventType "swiss"]
[EventRounds "9"]
[EventCountry "USA"]
[Source "Mark Crowther"]
[SourceDate "2006.07.03"]

1. e4 d5 2. exd5 Qxd5 3. Nc3 Qa5 4. d4 c6 5. Bc4 Bf5 6. Nf3 Nf6 7. Bd2 e6 8.
Ne4 Qb6 9. Nxf6+ gxf6 10. Bb3 Nd7 11. Qe2 O-O-O 12. O-O-O Bd6 13. Nh4 Bg6 14.
g3 Rhe8 15. f4 f5 16. Qc4 Qc7 17. Bb4 Bh5 18. Bxd6 Qxd6 19. Rde1 Kb8 20. c3 b5
21. Qf1 Nb6 22. Bd1 Bxd1 23. Rxd1 b4 24. Qa6 bxc3 25. bxc3 Qd5 26. Rhe1 f6 27.
Re2 Ka8 28. Ng2 Rb8 29. Ne3 Qd6 30. Qa5 Nd5 31. Nc4 Qd7 32. Qa3 Rb5 33. Rdd2
Reb8 34. Rb2 c5 35. dxc5 Qc6 36. Rxb5 Qxb5 37. Nb6+ Nxb6 38. cxb6 Rxb6 39. Qb2
Qc5 40. Qc2 Qg1+ 0-1

[Event "World op"]
[Site "Philadelphia USA"]
[Date "2006.07.03"]
[Round "6"]
[White "Panjwani, Raja"]
[Black "Bennett, D."]
[Result "1-0"]
[WhiteElo "2181"]
[BlackElo "2093"]
[PlyCount "87"]
[EventDate "2006.06.28"]
[EventType "swiss"]
[EventRounds "9"]
[EventCountry "USA"]
[Source "Mark Crowther"]
[SourceDate "2006.07.10"]

1. e4 c5 2. Nf3 d6 3. d4 cxd4 4. Nxd4 Nf6 5. Nc3 g6 6. Be3 Bg7 7. f3 Nc6 8. Qd2
O-O 9. g4 Be6 10. O-O-O Nxd4 11. Bxd4 Qa5 12. Kb1 Rfc8 13. a3 Rab8 14. g5 Nh5
15. Nd5 Qxd2 16. Rxd2 Bxd5 17. exd5 Bxd4 18. Rxd4 b5 19. c3 Rc7 20. Bh3 Rf8 21.
Re1 f5 22. Bf1 Rb8 23. Re3 Rcb7 24. Kc2 Ng7 25. f4 Ne8 26. h4 h5 27. Rd1 Kf7
28. Rde1 Rd7 29. Kd3 Nc7 30. Kd4 Rb6 31. b4 Na8 32. c4 bxc4 33. Bxc4 Rc7 34.
Rc3 Rb8 35. Rec1 Rbc8 36. Bb5 Rxc3 37. Rxc3 Rxc3 38. Kxc3 Nc7 39. Bc6 e6 40. b5
Ke7 41. a4 exd5 42. a5 Kd8 43. a6 d4+ 44. Kd2 1-0

[Event "Berkeley Masters"]
[Site "Berkeley USA"]
[Date "2005.12.17"]
[Round "1"]
[White "Panjwani, Raja"]
[Black "Perepelitsky, Philipp"]
[Result "1/2-1/2"]
[WhiteElo "2209"]
[BlackElo "2116"]
[PlyCount "66"]
[EventDate "2005.12.17"]
[EventType "swiss"]
[EventRounds "9"]
[EventCountry "USA"]
[Source "Mark Crowther"]
[SourceDate "2005.12.26"]

1. e4 d6 2. d4 Nf6 3. Nc3 g6 4. Bg5 Bg7 5. Qd2 h6 6. Bh4 Nbd7 7. f4 c5 8. d5
Qb6 9. Rb1 O-O 10. Nf3 Nh5 11. g3 Qb4 12. a3 Bxc3 13. axb4 Bxd2+ 14. Nxd2 f6
15. f5 g5 16. g4 Nf4 17. Bf2 cxb4 18. Ra1 Ne5 19. h3 Bd7 20. Nb3 Rfc8 21. Kd1
a6 22. Be3 Bb5 23. Bxb5 axb5 24. Rxa8 Rxa8 25. Bxf4 gxf4 26. Rf1 f3 27. Kc1 Rc8
28. Nd2 Nc4 29. Rxf3 Ra8 30. Rb3 Ra4 31. Nb1 Kf7 32. Rg3 Ra2 33. Rb3 Ra4
1/2-1/2

[Event "Berkeley Masters"]
[Site "Berkeley USA"]
[Date "2005.12.17"]
[Round "2"]
[White "Lee, Andy"]
[Black "Panjwani, Raja"]
[Result "0-1"]
[WhiteElo "2256"]
[BlackElo "2209"]
[PlyCount "88"]
[EventDate "2005.12.17"]
[EventType "swiss"]
[EventRounds "9"]
[EventCountry "USA"]
[Source "Mark Crowther"]
[SourceDate "2005.12.26"]

1. c4 Nf6 2. d4 g6 3. Nc3 Bg7 4. e4 d6 5. Be2 O-O 6. Bg5 c5 7. d5 h6 8. Be3 e6
9. Nf3 exd5 10. exd5 a6 11. Nd2 Re8 12. O-O Nh7 13. Rc1 f5 14. b4 b6 15. bxc5
bxc5 16. Nb3 Qh4 17. Bd2 Nd7 18. f4 Qe7 19. Qc2 Nhf6 20. Rce1 Ne4 21. Nxe4 fxe4
22. Bg4 Nf6 23. Bxc8 Raxc8 24. Bc3 Rc7 25. Re2 Qf7 26. Rfe1 Rce7 27. Qb2 Nd7
28. Bxg7 Qxg7 29. Qxg7+ Kxg7 30. Re3 Nf6 31. Nd2 h5 32. h3 Kf7 33. Rb1 h4 34.
Rb6 Rd8 35. Rxa6 Rb8 36. Nb3 Rd7 37. Kf2 Rb4 38. Rc3 Nh5 39. a3 Rb8 40. Nd2 Rb2
41. Ke1 Nxf4 42. Kd1 Re7 43. Rxd6 e3 44. Nf3 Rd2+ 0-1

[Event "Berkeley Masters"]
[Site "Berkeley USA"]
[Date "2005.12.18"]
[Round "3"]
[White "Panjwani, Raja"]
[Black "Kraai, Jesse"]
[Result "0-1"]
[WhiteElo "2209"]
[BlackElo "2428"]
[PlyCount "84"]
[EventDate "2005.12.17"]
[EventType "swiss"]
[EventRounds "9"]
[EventCountry "USA"]
[Source "Mark Crowther"]
[SourceDate "2005.12.26"]

1. d4 e6 2. Nf3 d5 3. c4 Nf6 4. Nc3 Be7 5. Bg5 h6 6. Bxf6 Bxf6 7. cxd5 exd5 8.
e3 O-O 9. Qc2 c5 10. dxc5 Qa5 11. Rc1 Nc6 12. Be2 d4 13. exd4 Bxd4 14. Nxd4
Nxd4 15. Qa4 Qxa4 16. Nxa4 Re8 17. Nc3 b6 18. Rd1 bxc5 19. Kd2 Rb8 20. b3 Bb7
21. Bf1 Bc6 22. Re1 Rxe1 23. Kxe1 a5 24. Kd2 a4 25. bxa4 Kf8 26. Nb5 Ne6 27.
Bc4 Bxg2 28. Rc1 Ng5 29. Bd3 Rd8 30. Ke3 Re8+ 31. Kf4 Ra8 32. Kg3 Be4 33. Bc4
Rxa4 34. Bb3 Ra8 35. h4 Ne6 36. Bxe6 fxe6 37. Nc7 Ra3+ 38. Kf4 Bf5 39. Rxc5
Rxa2 40. f3 Ke7 41. Nb5 Kf6 42. Nd4 e5+ 0-1

[Event "Berkeley Masters"]
[Site "Berkeley USA"]
[Date "2005.12.18"]
[Round "4"]
[White "Kustar, Sandor"]
[Black "Panjwani, Raja"]
[Result "1-0"]
[WhiteElo "2375"]
[BlackElo "2209"]
[PlyCount "49"]
[EventDate "2005.12.17"]
[EventType "swiss"]
[EventRounds "9"]
[EventCountry "USA"]
[Source "Mark Crowther"]
[SourceDate "2005.12.26"]

1. Nf3 d5 2. d4 Nf6 3. c4 e6 4. Nc3 Bb4 5. Bg5 Nbd7 6. Rc1 dxc4 7. Qa4 c5 8. a3
cxd4 9. Qxb4 dxc3 10. Rxc3 Nb6 11. e4 a5 12. Qb5+ Bd7 13. Qe5 h6 14. Bh4 Rc8
15. Qxa5 g5 16. Nxg5 hxg5 17. Bxg5 Ba4 18. Be2 Ra8 19. Qb4 Nbd7 20. Rf3 Bc6 21.
Qc3 Bxe4 22. Rxf6 Nxf6 23. Bxf6 Qc7 24. Be5 Qc6 25. Bxh8 1-0

[Event "Berkeley Masters"]
[Site "Berkeley USA"]
[Date "2005.12.20"]
[Round "6"]
[White "Panjwani, Raja"]
[Black "Ishkhamov, Tigran"]
[Result "1/2-1/2"]
[WhiteElo "2209"]
[BlackElo "2350"]
[PlyCount "78"]
[EventDate "2005.12.17"]
[EventType "swiss"]
[EventRounds "9"]
[EventCountry "USA"]
[Source "Mark Crowther"]
[SourceDate "2005.12.26"]

1. e4 e5 2. Nf3 Nc6 3. Bb5 Nf6 4. O-O Nxe4 5. d4 Nd6 6. dxe5 Nxb5 7. c4 a6 8.
cxb5 axb5 9. Nc3 Be7 10. Nxb5 O-O 11. Bf4 b6 12. e6 dxe6 13. Bxc7 Qxd1 14.
Rfxd1 Bf6 15. Rac1 Ba6 16. a4 Bxb5 17. axb5 Na7 18. Bxb6 Nxb5 19. Rc5 Rfb8 20.
Rxb5 Ra6 21. Ne5 Raxb6 22. Rxb6 Rxb6 23. Rd2 Rb5 24. Nc4 g5 25. Kf1 Rb4 26. Rc2
Bd4 27. Ke2 f5 28. Kd3 Bf6 29. Re2 Rb3+ 30. Kc2 Rb4 31. Kd3 Kf7 32. Nd6+ Ke7
33. Nxf5+ Kd7 34. Ng3 Rb3+ 35. Kc4 Rxb2 36. Rxb2 Bxb2 37. Kd3 Ke7 38. Ke4 Kf6
39. Kf3 Kg6 1/2-1/2

[Event "Berkeley Masters"]
[Site "Berkeley USA"]
[Date "2005.12.21"]
[Round "7"]
[White "Panjwani, Raja"]
[Black "Shivaji, S1."]
[Result "0-1"]
[WhiteElo "2209"]
[BlackElo "2299"]
[PlyCount "84"]
[EventDate "2005.12.17"]
[EventType "swiss"]
[EventRounds "9"]
[EventCountry "USA"]
[Source "Mark Crowther"]
[SourceDate "2005.12.26"]

1. e4 e5 2. Nf3 Nc6 3. Bb5 Nf6 4. d3 Bc5 5. O-O d6 6. c3 O-O 7. Bg5 Qe7 8. d4
Bb6 9. h3 h6 10. Bh4 g5 11. Nxg5 hxg5 12. Bxg5 exd4 13. a4 Qe5 14. f4 dxc3+ 15.
Kh1 Qd4 16. Qxd4 Bxd4 17. bxc3 Nxe4 18. cxd4 Ng3+ 19. Kg1 Nxf1 20. d5 Nd4 21.
Bf6 Ne3 22. Bxd4 Nc2 23. Bf6 Nxa1 24. Bxa1 Bf5 25. Nd2 a6 26. Bf1 Rfe8 27. Kf2
b5 28. g4 Bd7 29. Bd3 c6 30. dxc6 Bxc6 31. h4 bxa4 32. h5 Bb5 33. Nc4 Bxc4 34.
Bxc4 Re4 35. Bd3 Rae8 36. f5 Rxg4 37. Kf3 Rh4 38. Bxa6 Rxh5 39. Kg4 Rh1 40. Bb2
a3 41. Bxa3 Ra1 42. Bb5 Rb8 0-1

[Event "Berkeley Masters"]
[Site "Berkeley USA"]
[Date "2005.12.23"]
[Round "9"]
[White "Panjwani, Raja"]
[Black "Perepelitsky, Edward"]
[Result "0-1"]
[WhiteElo "2209"]
[BlackElo "2123"]
[PlyCount "80"]
[EventDate "2005.12.17"]
[EventType "swiss"]
[EventRounds "9"]
[EventCountry "USA"]
[Source "Mark Crowther"]
[SourceDate "2005.12.26"]

1. e4 c5 2. Nf3 d6 3. d4 cxd4 4. Nxd4 Nf6 5. Nc3 a6 6. Be2 e6 7. Be3 Be7 8. f4
O-O 9. Qd2 Nc6 10. O-O-O Nd7 11. Kb1 Nxd4 12. Bxd4 b5 13. f5 Bb7 14. a3 Ne5 15.
Qe1 Qb8 16. Bxe5 dxe5 17. Rd7 Bf6 18. fxe6 fxe6 19. Bg4 Bc8 20. Bxe6+ Kh8 21.
Nd5 Bxd7 22. Bxd7 Qb7 23. Be6 Qc6 24. Bf5 g6 25. Bg4 a5 26. b3 Qc5 27. Qc1 Be7
28. Qb2 Bd6 29. b4 axb4 30. axb4 Qf2 31. Bf3 Ra4 32. c4 Qa7 33. c5 Ra8 34. Nb6
Ra1+ 35. Kc2 Ra2 36. Nxa8 Qa4+ 37. Kc3 Rxb2 38. Kxb2 Qxb4+ 39. Ka2 Bxc5 40. Nc7
Bd4 0-1